000 00475nam a2200169Ia 4500
008 140925s9999 xx 000 0 und d
245 _aCases Journal /
_h[electronic resource]
260 _bBioMed Central Ltd.,
_cc2009.
516 _aElectronic text
650 _aCases.
650 _aJournal.
650 _aSpecial Education.
830 _aBioMed Central Ltd.
856 _uhttp://www.casesjournal.com/content/2/1/7061
942 _cEJ
999 _c275718
_d275718